000 00289nam a22001337a 4500
008 170526b xxu||||| |||| 00| 0 eng d
020 _a0026757532
041 _aeng
080 _a62
100 _a27
101 _aIM
245 _aMANUFACTURING TECHNOLOGY
_cBREMER, K
942 _2udc
_cBK
999 _c14608
_d14608